000 00480nam a22001817a 4500
003 MPLRDC
005 20220104173600.0
008 210129b ||||| |||| 00| 0 eng d
082 _a523.315 PER
100 _aENGLISH LANGUAGE RESEARCH SERVICES
245 _aPRIMARY ENGLISH READERS FOR MALAYSIANS BOOK 2A
_c
250 _a重印
260 _a
_bTIMES EDUCATIONAL CO. SDN BHD
_c1981
300 _b
490 _aWORD-RANGE 300
650 _a
942 _cBK
_o523.315 PER
999 _c59486
_d59476